Amphibia Characters - Statistics

General Stats
  • This quiz has been taken 533 times
  • The average score is 9 of 11
Answer Stats
Hint Character % Correct
A teenage girl who got sent to Amphibia after opening a magic box. Anne Boonchuy
100%
Youngest of the Plantar family. Only a tadpole, but still very independent. Polly Plantar
96%
A red frog, who was the first to befriend the, "monster," in the woods. Sprig Plantar
95%
Grandfather of two Plantars, who is traditional, but still tries his best for his family. Hopadiah Plantar
93%
"Friend," of the two other girls transported, but is very persuasive, and can be a rule breaker. Sasha
93%
The only character transported into Amphibia, but not shown in present time. Marcy
88%
Mayor of Wartwood, somewhat cares for his citizens, but not always. Mayor Toadstool
75%
Friends with the Plantars, dating a specific red frog. Ivy Sundew
74%
The, "town vagrant," who doesn't care what people think of him. Wally
71%
Ruler of Amphibia, cruel to his army until he was told that being nice would be better. Captain Grime
63%
Seems to be creepy, but just is very knowledgeable in magic. Maddie Flour
60%
No matching quizzes found
Score Distribution
Percent of People with Each Score
Percentile by Number Answered
Your Score History
You have not taken this quiz